Politika és szociológia. Méray rendszere és prognózisa.
Elmentve itt :
| Szerző: | |
|---|---|
| Adatforrás: | Philobibl |
| Dokumentumtípus: | Könyv |
| Nyelv: | magyar |
| Megjelent: |
Bp.
Deutsch Zs.
1906
|
| Sorozat: | Huszadik Század Könyvtára. 19.
|
| LEADER | 00421nam a2200133 c 4500 | ||
|---|---|---|---|
| 001 | bibDOK00026224 | ||
| 005 | 20200924122054.3 | ||
| 008 | 060518s1906 hu hun | ||
| 100 | 1 | |a Somló Bódog | |
| 245 | 1 | 0 | |a Politika és szociológia. Méray rendszere és prognózisa. |c Somló Bódog |
| 260 | |a Bp. |b Deutsch Zs. |c 1906 | ||
| 300 | |a 15 p. p. | ||
| 490 | 1 | |a Huszadik Század Könyvtára. 19. | |
| 830 | 0 | |a Huszadik Század Könyvtára. 19. | |